Has-bağçede 'Ayş u Tarab (Record no. 1421)

MARC details
000 -BAŞLIK
Sabit Uzunlukta Kontrol Alanı 01110na a2200325 4500
001 - KONTROL NUMARASI
Denetim Alanı 21975
003 - KONTROL NUMARASI IDENTIFIER
Denetim Alanı MIRAKIL
005 - SON İŞLEM TARİHİ VE ZAMANI
Denetim Alanı 20181213154822.0
008 - SABİT-BOY VERİ ELEMANLARI - GENEL BİLGİLER
Sabit Uzunlukta Kontrol Alanı 170209b tu 000 0
020 ## - ULUSLARARASI STANDART KİTAP NUMARASI
Uluslararası Standart Kitap Numarası 9786053601029
040 ## - KATALOGLAMA KAYNAK
Orijinal Kataloglama Ajansı Milas
Kataloglama Dili tur
Metne Dönüştürmek Ajansı TR-AnCHP
041 ## - DİL KODU
Metin / Ses Parça Veya Ayrı Başlığın Dil Kodu tur
082 ## - DEWEY ONLU SINIFLANDIRMA NUMARASI
Sınıflandırma Numarası 701.18
Ürün Numarası İ52h 2011
090 ## - SINIFLAMA NUMARASI
Sınıflama Numarası 701.18 İ52h 2011
100 ## - ANA GİRİŞ - KİŞİSEL İSİM
Kişisel Ad İnalcık, Halil
Bir Adıyla İlişkilendirilen Tarihler 1916-2016
245 ## - BAŞLIK TABLOSU
Başlık Has-bağçede 'Ayş u Tarab
Başlığın Kalan Nedimler, şairler, mutribler
Sorumluluk Tablosu, Vb Halil İnalcık; editör Emre Yalçın; Fotoğraflar Hadiye Cangökçe
246 ## - UNVAN FORM VARYING
Başlık Doğru / Kısa Başlığı Nedimler, şairler, mutribler
260 ## - YAYIN, DAĞITIM, VB
Yayın, Dağıtım, Vb Yeri İstanbul
Yayıncı, Dağıtıcı, Vs Adı Türkiye İş Bankası Kültür Yayınları
Yayın, Dağıtım, Vb Tarihi 2011
300 ## - FİZİKSEL TANIM
Kapsam 328 s.
Diğer Fiziksel Ayrıntıları res.; minyatür
Boyutlar 29 sm.
440 ## - SERİSİ TABLOSU / KATMA GİRİŞİ - BAŞLIK
Başlık Türkiye İş Bankası Kültür Yayınları
Hacim / Ardışık Tanımı 2100
490 ## - SERİSİ TABLOSU
Seri Beyanı Halil İnalcık Seçme Eserleri
Hacim / Ardışık Tanımı 3
504 ## - KAYNAKÇA VB NOT
Kaynakça Vb Notu Kaynakça var.
650 ## - KONU KATMA GİRİŞ - TOPİKAL DÖNEM
Topikal Süreli Veya Coğrafi Ad Giriş Elemanı Osmanlı Dönemi
Genel Alt Bölümü Müzisyenler
650 ## - KONU KATMA GİRİŞ - TOPİKAL DÖNEM
Topikal Süreli Veya Coğrafi Ad Giriş Elemanı Osmanlı Dönemi
Genel Alt Bölümü Nedimler
650 ## - KONU KATMA GİRİŞ - TOPİKAL DÖNEM
Topikal Süreli Veya Coğrafi Ad Giriş Elemanı Osmanlı Dönemi
Genel Alt Bölümü Şairler
650 ## - KONU KATMA GİRİŞ - TOPİKAL DÖNEM
Topikal Süreli Veya Coğrafi Ad Giriş Elemanı Sanat tarihi
Genel Alt Bölümü Osmanlı Dönemi
700 ## - KATMA GİRİŞ - KİŞİSEL İSİM
Kişisel Ad Cangökçe, Hadiye
700 ## - KATMA GİRİŞ - KİŞİSEL İSİM
Kişisel Ad Yalçın, Emre
942 ## - EKLENDİ GİRİŞ ELEMANLARI (KOHA)
Sınıflandırma Veya Raf Düzeni Kaynak
Koha Öğesi Türü Books
999 ## - SİSTEM KONTROL NUMARALARI (KOHA)
Koha Biblionumber 1421
Koha Biblioitemnumber 1421
Holdings
Kalıcı Konum Mevcut Konum Edinme Tarihi Edinim Kaynak Seri Numaralandırma / Kronolojik Toplam Check-Out'Lar Tam Çağrı Numarası Barkod Tarih Son Görülme İtibaren Geçerli Fiyatlar Koha Öğesi Türü
CHP Kütüphanesi CHP Kütüphanesi 02/09/2017 Bağış c.5   701.18 İ52h 2011 012945 02/09/2017 02/09/2017 Books